000 01427nam a2200373 i 4500
001 94593
003 FlNmELB
005 20241217172426.0
006 m o d |
007 cr cnu||||||||
008 131226s2013 sp o 000 0 spa d
020 _z9788436234428
020 _a9788436266368 (electronic bk.)
035 _a(MiAaPQ)EBC3216040
035 _a(Au-PeEL)EBL3216040
035 _a(CaPaEBR)ebr10803785
035 _a(OCoLC)991982015
040 _aFINmELB
_bspa
_erda
_cFINmELB
050 4 _aPH5035
_b.G745 2013
082 0 _a499.925
_223
245 0 0 _aGramática de la lengua vasca /
_cPatricio Urquizu Sarasua.
264 1 _aMadrid :
_bUniversidad Nacional de Educación a Distancia,
_c2013.
300 _a1 recurso en línea
336 _atexto
_btxt
_2rdacontent/spa
337 _acomputadora
_bc
_2rdamedia/spa
338 _arecurso en línea
_bcr
_2rdacarrier/spa
588 _aDescripción basada en recurso en línea; Título de la página del título en PDF (e-libro, visto December 26, 2013).
590 _aRecurso electrónico. Santa Fe, Arg.: e-libro, 2015. Disponible vía World Wide Web. El acceso puede estar limitado para las bibliotecas afiliadas a e-libro.
650 0 _aBasque language
_xGrammar.
650 4 _aLengua vasca
_xGramática.
655 4 _aLibros electrónicos.
797 2 _ae-libro, Corp.
856 4 0 _uhttps://elibro.net/ereader/politecnicointernacional/48629
999 _c94593
_d94593